Introduction to plant physiology [by] Bernard S. Meyer, Donald B. Anderson and Richard H. Bohning. (Record no. 142052)
[ view plain ]
| 000 -LEADER | |
|---|---|
| fixed length control field | 00763cam6a220020500 4500 |
| 001 - CONTROL NUMBER | |
| control field | tmp15383106 |
| 003 - CONTROL NUMBER IDENTIFIER | |
| control field | UPRA |
| 005 - DATE AND TIME OF LATEST TRANSACTION | |
| control field | 20190823085724.0 |
| 008 - FIXED-LENGTH DATA ELEMENTS--GENERAL INFORMATION | |
| fixed length control field | 950801r1965 enk eng u |
| 035 ## - SYSTEM CONTROL NUMBER | |
| System control number | (Sirsi) r55002 |
| 035 ## - SYSTEM CONTROL NUMBER | |
| System control number | (UPRA)tmp15383106 |
| 040 ## - CATALOGING SOURCE | |
| Transcribing agency | UPRA |
| 100 1# - MAIN ENTRY--PERSONAL NAME | |
| Personal name | Meyer, Bernard S. (Bernard Sandler), 1901- |
| Fuller form of name | Meyer, Bernard S. (Bernard Sandler), 1901- |
| Dates associated with a name | Meyer, Bernard S. (Bernard Sandler), 1901- |
| Linkage | A2834.1 |
| 245 10 - TITLE STATEMENT | |
| Title | Introduction to plant physiology [by] Bernard S. Meyer, Donald B. Anderson and Richard H. Bohning. |
| 260 ## - PUBLICATION, DISTRIBUTION, ETC. | |
| Place of publication, distribution, etc. | London : |
| Name of publisher, distributor, etc. | Van Nostrand, |
| Date of publication, distribution, etc. | [1965 reprint] |
| 504 ## - BIBLIOGRAPHY, ETC. NOTE | |
| Bibliography, etc. note | Includes bibliographical references. |
| 650 #0 - SUBJECT ADDED ENTRY--TOPICAL TERM | |
| Topical term or geographic name entry element | Plant physiology. |
| Linkage | S640.1 |
| 949 ## - LOCAL PROCESSING INFORMATION (OCLC) | |
| a | QK711 |
| w | lcc |
| i | -71054 |
| m | MAIN |
| t | BOOK |
| l | ON-SHELF |
No items available.